000 01333nam a22003377a 4500
005 20250508130808.0
008 250508b ||||| |||| 00| 0 eng d
020 _a9781838510114
040 _aCO-BoUCM
_cDavid Moreno
_dDavid Moreno
041 _aeng
245 0 0 _aFashioning masculinities
_bthe art of menswear
_cRosalind McKever & Claire Wilcox ; with Marta Franceschini
246 _aArt of menswear
250 _a1a.Ed
260 _aLondon, England
_bV&A Publishing
_c2022
300 _a272 Paginas
_bilustraciones a color
504 _aIncluye referencias bibliográficas e índices
650 1 4 _aRopa de hombre
_xExposiciones
_9185735
650 1 4 _aDiseño de moda
_vExposiciones
_9185736
650 1 4 _aHombres
_xIdentidad
_9185737
650 1 4 _aBelleza masculina (Estética)
_vExposiciones
_9185738
650 1 4 _aMasculinidad
_xConstrucción social
_9185739
650 1 4 _aEstudios de género
_xModa
_9185740
650 1 4 _aCultura visual
_xMasculinidades
_9185741
650 1 4 _aSociología del vestir
_xHombres
_9185742
650 1 4 _aEstética masculina
_xModa
_9185743
700 1 _aMcKever, Rosalind
_eeditor
_9185744
700 1 _aWilcox, Claire
_eeditor
_9185745
700 1 _aFranceschini, Marta
_eeditor
_9185746
942 _2DEWEY
_a17
_cLIBRO
_e1
_h746.92
_mM478f
_n0
999 _c325458
_d325458